000 00832cab a2200229 4500
001 ABS44016
008 090401t1991 xxu||||| |||| 00| 0 eng d
035 _a(Sirsi) u44801
041 _aeng
100 _aDollar, P.
245 _aSpiro clarifies options at last
260 _c1991
350 _a0
490 _aLaw Society`s Gazette
_v88(3) 23 January 1991, 17-18(2)
520 _aConsiders the problems which have arisen in interpreting s2 of the Law of Property (Miscellaneous Provisions) Act 1989 in relation to land options and suggests that they have been resolved by the recent decision Spiro v Glencrown Properties Ltd (1990) (See Abstract ).
650 _aContracts
_96232
650 _aSALE OF LAND
690 _aPROPERTY LAW AND PRACTICE
700 _aMcGee-Osborne, C.
942 _n0
948 _c04/03/1997
999 _c28468
_d28468